000 00739nam a2200229Ii 4500
003 JO-AjNU
008 230605s9999||||xx |||||||||||||| ||und||
017 _a1995/3986
020 _a977-01-4352-9
040 _aJO-AjNU
_bara
_erda
_cJO-AjNU
041 _aara
050 1 4 _aQE28.M3812.1995
100 3 _aماثيور، ويليام ؛ ترجمة رسمي مختار مختار,
_eauthor
_916974
245 0 0 _aماهي الجيولوجيا
264 3 1 _aالقاهرة:الهيئة المصرية ، 1995
300 _a392ص
336 _atext
_btxt
_2rdacontent
337 _aunmediated
_bn
_2rdamedia
338 _avolume
_bnc
_2rdacarrier
490 0 _aالالف الكتاب الثاني
650 4 _aالجيولوجيا
_916975
999 _aA5147
_c8715
_d8715